| 000 | 00450nam a22001697a 4500 | ||
|---|---|---|---|
| 999 |
_c525152 _d525152 |
||
| 003 | NUST | ||
| 038 | _awaseem | ||
| 082 |
_a891.421 _bNIS |
||
| 100 |
_aJaved Inam Ul Haq _914461 |
||
| 245 |
_aKhush Kalamia / _cJaved Inam Ul Haq |
||
| 260 |
_aIslamabad : _bWorld Meet, _c1992.. |
||
| 300 | _a192 p. ; | ||
| 500 | _aHardcover. | ||
| 880 |
_6100-01\r _aانعام الحق جاوید |
||
| 880 |
_6245-02/r _aخوش کلامیاں / |
||
| 942 |
_2ddc _cBK |
||